[Event "Satka Autumn 2017"]
[Site "Satka"]
[Date "2017.09.18"]
[Round "7"]
[White "Lomakina, Galja"]
[Black "Semenova, Elena"]
[Result "0-1"]
[WhiteElo "1962"]
[BlackElo "2284"]
[Annotator "TA"]
[PlyCount "104"]
[EventDate "2017.??.??"]
[EventType "swiss"]
[EventCountry "RUS"]
[SourceTitle "playchess.com"]
[Source "ChessBase"]
[SourceQuality "1"]

1. b3 {Program Activation Required} g6 2. Bb2 Nf6 3. Bxf6 exf6 4. c4 Bg7 5. Nc3 O-O (5... f5 6. Rc1 c5 7. g3 O-O 8. Bg2 Nc6 9. Nh3 g5 10. f4 h6 11. O-O d6 12. fxg5 hxg5 {1-0 (40) Rapport,R (2709)-Naiditsch,A (2711) Jurmala 2015}) 6. Rc1 {A01: Larsen-Eröffnung} b6 7. e3 $146 ({Vorgänger:} 7. Nf3 Bb7 8. e3 Nc6 9. d4 Re8 10. Be2 f5 11. O-O Ne7 12. Ne1 Nc8 {1-0 (55) Stukenborg,R (1789)-Moeller,H (1601) Rotenburg 2013}) 7... Bb7 8. h4 h5 9. Nge2 Re8 10. Nf4 Bh6 11. Nxh5 gxh5 12. Qxh5 Bg7 13. Bd3 Kf8 14. Qh7 f5 15. h5 Bxc3 16. Rxc3 Qf6 17. Qxf5 Qxf5 18. Bxf5 Bxg2 19. Rh4 Nc6 20. d4 Rad8 21. Ke2 Ne7 22. Bh7 Kg7 23. Bb1 Bb7 24. h6+ Kh8 25. Rf4 Rf8 26. e4 Ng6 27. Rf6 Rde8 28. d5 Kh7 29. Rh3 Bc8 30. f4 d6 31. Rh2 Kh8 32. Kd3 Ne7 33. h7 Ng6 34. e5 dxe5 35. fxe5 Nxe5+ 36. Kd4 Ng4 37. Rhf2 Nxf6 38. Rxf6 Bd7 39. b4 Kg7 40. Rf3 f5 41. c5 Kxh7 42. c6 Bc8 43. Ra3 a6 44. d6 cxd6 45. Kd5 Rf6 46. Rc3 Re5+ 47. Kd4 Rh6 48. Rg3 Rh4+ 49. Kc3 a5 50. a3 d5 51. Bd3 d4+ 52. Kb3 Re3 0-1

[Event "Satka Autumn 2017"]
[Site "Satka"]
[Date "2017.09.18"]
[Round "7"]
[White "Chan, Naruna"]
[Black "Maletina, Tatiana"]
[Result "1-0"]
[WhiteElo "1951"]
[BlackElo "2241"]
[Annotator "TA"]
[PlyCount "87"]
[EventDate "2017.??.??"]
[EventType "swiss"]
[EventCountry "RUS"]
[SourceTitle "playchess.com"]
[Source "ChessBase"]
[SourceQuality "1"]

1. e4 {Program Activation Required} e6 2. d4 d5 3. Nc3 Bb4 4. exd5 exd5 5. Bd3 Nf6 6. Nge2 h6 {C01: Französische Verteidigung (Abtauschvariante)} (6... O-O 7. O-O c6 8. Bg5 h6 9. Bh4 Re8 10. f3 Nbd7 11. Qd2 Nf8 12. Rae1 Bd7 13. a3 Be7 14. Bf2 Ng6 15. Bg3 Nh5 16. Bxg6 fxg6 {½-½ (45) Anand,V (2770)-Caruana,F (2807) Saint Louis 2016}) 7. h3 O-O 8. O-O c6 9. Ng3 Na6 $146 ({Vorgänger:} 9... Be6 10. Nce2 Bd6 11. Nf4 Nbd7 12. c3 Re8 13. Qf3 Nf8 14. Bd2 Qd7 15. Nxe6 fxe6 16. Bxh6 gxh6 17. Qxf6 {1-0 (50) Vignesh,N (2440)-Soofizadeh,K (2189) Urmia 2016}) 10. Nce2 Nc7 11. c3 Bd6 12. Nf4 Ne6 13. Nxe6 fxe6 14. Be3 e5 15. dxe5 Bxe5 16. Bc2 Qc7 17. Qd3 Be6 18. Rae1 Bxg3 19. fxg3 Ne4 20. g4 Bf7 21. Bd4 Bg6 22. Bc5 Rfe8 23. Bd4 b6 24. h4 Re6 25. Qh3 Rae8 26. Bxe4 Bxe4 27. Qh2 Qe7 28. Qg3 c5 29. Bf2 Rg6 30. Be3 Re6 31. Bd2 Qd6 32. Bf4 Qc6 33. h5 Qa4 34. g5 hxg5 35. Bxg5 Qd7 36. Rf4 Qd6 37. Ref1 Kh7 38. Qg4 Bd3 39. Rf7 Bxf1 40. Bf6 Qf8 41. Rxf8 Rxf6 42. Rxf6 Bd3 43. Rf7 Re1+ 44. Kh2 1-0

[Event "Satka Autumn 2017"]
[Site "Satka"]
[Date "2017.09.18"]
[Round "7"]
[White "Surovtseva, Alisa"]
[Black "Nasybullina, Alfia"]
[Result "0-1"]
[WhiteElo "1623"]
[BlackElo "2045"]
[Annotator "NA RC"]
[PlyCount "96"]
[EventDate "2017.??.??"]
[EventType "swiss"]
[EventCountry "RUS"]
[SourceTitle "playchess.com"]
[Source "ChessBase"]
[SourceQuality "1"]
[TimeControl "5400+30"]

{[%evp 14,95,7,14,4,2,-9,0,-17,0,0,2,0,-16,0,-12,18,0,0,0,7,-61,-56,-62,-70,-73,-46,-70,-57,-100,-81,-179,-187,-207,-235,-260,-253,-406,-408,-458,-261,-254,-236,-266,-311,-266,-379,-313,32767,32767,32767,32767,-374,-336,32767,32767,32767,32767,32767,32767,32767,32767,32767,32767,32767,32767,32767,32767,32767,32767,32767,32767,32767,32767,32767,32767,32767,32767,32767,32767,32767,32767,-29985,-29985]} 1. e4 {[%emt 0:00:00]} c5 {[%emt 0:00:04]} 2. Nf3 {[%emt 0:00:00]} Nc6 {[%emt 0:00:06]} 3. Bb5 {[%emt 0:00:00]} d6 {[%emt 0:00:06]} 4. d4 {[%emt 0:00:00]} cxd4 {[%emt 0:00:04]} 5. Qxd4 {[%emt 0:00:00]} Bd7 {[%emt 0:00:05]} 6. Bxc6 {[%emt 0:00:00]} Bxc6 {[%emt 0:00:05]} 7. Nc3 {[%emt 0:00:00]} Nf6 {[%emt 0:00:17]} 8. Bg5 {[%emt 0:00:06]} e6 {[%emt 0:00:07]} 9. O-O-O {[%emt 0:00:44]} Be7 {[%emt 0:00:17]} 10. Qd3 {[%emt 0:00:26]} Qa5 {[%emt 0:00:52]} 11. h4 {[%emt 0:00:57]} h6 {[%emt 0:00:32]} 12. Bxf6 {[%emt 0:00:35] B53: Sicilian: 2...d6: Lines with Qxd4} Bxf6 {[%emt 0:00:08]} 13. Nd4 $1 {[%emt 0:00:24]} O-O {[%emt 0:01:35]} (13... Rd8 14. Qe3 Qb6 15. Rh3 Bxd4 16. Rxd4 e5 17. Rd1 Qxe3+ 18. Rxe3 h5 19. Rg3 g6 {½-½ (43) Ganguly,S (2654)-Gao,R (2556) Tashkent 2016}) 14. f4 {[%emt 0:09:08] LiveBook: 5 Games} Rfd8 {[%emt 0:02:56]} 15. g4 {[%emt 0:04:50]} Bxd4 {[%emt 0:00:16]} 16. Qxd4 {[%emt 0:00:11]} b5 {[%emt 0:12:30]} 17. Kb1 $146 {[%emt 0:03:37]} ({Find the theoretical novelty and annotate with similar games:} 17. g5 $11 hxg5 (17... h5 18. g6 f6 19. Kb1 b4 {1-0 (41) Egorova,A (1992)-Bykovtsev,A (2059) Durban 2014}) 18. hxg5) 17... b4 $1 {[%emt 0:00:29]} 18. Ne2 {[%emt 0:00:17]} e5 $1 {[%emt 0:01:13]} 19. Qe3 {[%emt 0:06:50]} Qc5 {[%emt 0:05:08]} 20. Rh3 {[%emt 0:22:50]} Rac8 {[%emt 0:06:31]} 21. fxe5 {[%emt 0:12:30]} ({Better is} 21. g5 $15) 21... Qxe5 {[%emt 0:05:18]} 22. Nd4 {[%emt 0:11:49]} (22. Rd4 $17 {was called for.}) 22... Bxe4 {[%emt 0:03:09]} 23. g5 {[%emt 0:03:27]} h5 {[%emt 0:00:49]} 24. Re1 {[%emt 0:01:53]} Re8 {[%emt 0:00:21]} 25. Re2 {[%emt 0:08:32]} Rc4 {[%emt 0:03:17]} 26. Rd2 {[%emt 0:02:34] [#]} Bg2 $1 {[%emt 0:04:41]} 27. Qxe5 {[%emt 0:00:38]} Rxe5 {[%emt 0:00:16]} 28. Rhd3 {[%emt 0:00:11]} Bf1 {[%emt 0:00:50]} 29. Nf3 {[%emt 0:01:44]} Bxd3 {[%emt 0:01:01]} 30. cxd3 {[%emt 0:00:19]} Rf4 {[%emt 0:00:49]} 31. Nxe5 {[%emt 0:00:06]} dxe5 {[%emt 0:00:03]} 32. Rh2 {[%emt 0:00:06]} Kh7 {[%emt 0:01:04]} 33. Kc2 {[%emt 0:00:46]} Kg6 {[%emt 0:00:08]} 34. Kd2 {[%emt 0:00:29]} Kf5 {[%emt 0:00:12]} 35. Ke3 {[%emt 0:00:29]} Kg4 {[%emt 0:00:16]} 36. g6 {[%emt 0:00:47]} fxg6 {[%emt 0:00:36]} 37. Rg2+ {[%emt 0:00:04]} Kf5 {[%emt 0:00:06]} 38. Rh2 {[%emt 0:01:14]} g5 {[%emt 0:00:18]} 39. hxg5 {[%emt 0:00:08]} Kxg5 {[%emt 0:00:05]} 40. Rg2+ {[%emt 0:00:07]} Kf6 {[%emt 0:00:25]} 41. Rh2 {[%emt 0:00:10]} h4 {[%emt 0:00:15]} 42. a3 {[%emt 0:00:24]} bxa3 {[%emt 0:00:16]} 43. bxa3 {[%emt 0:00:03]} g5 {[%emt 0:00:16]} 44. Rb2 {[%emt 0:00:06]} h3 {[%emt 0:01:03]} 45. Rb8 {[%emt 0:00:12]} h2 {[%emt 0:00:40]} 46. Rh8 {[%emt 0:00:14]} Rh4 {[%emt 0:00:05]} 47. Rf8+ {[%emt 0:00:04]} Ke7 {[%emt 0:00:22]} 48. Rf1 {[%emt 0:00:05]} h1=Q {[%emt 0:00:06]} 0-1

[Event "Satka Autumn 2017"]
[Site "Satka"]
[Date "2017.09.18"]
[Round "7"]
[White "Mirgalina, Anna"]
[Black "Sazonova, Anastasia"]
[Result "0-1"]
[WhiteElo "1308"]
[BlackElo "2155"]
[Annotator "TA"]
[PlyCount "58"]
[EventDate "2017.??.??"]
[EventType "swiss"]
[EventCountry "RUS"]
[SourceTitle "playchess.com"]
[Source "ChessBase"]
[SourceQuality "1"]

{[%evp 22,58,27,18,25,22,32,-2,6,0,7,0,4,0,0,-51,-32,-73,-75,-112,-95,-93,-94,-173,-170,-193,-181,-211,-198,-225,-233,-288,-298,-709,-689,-922,-914,-958,-678]} 1. c4 c6 2. Nc3 d5 3. cxd5 cxd5 4. d4 Nf6 5. Nf3 Nc6 6. Bf4 a6 7. e3 e6 8. a3 Bd6 9. Bxd6 Qxd6 10. Be2 O-O 11. O-O Bd7 {D13: Slav Defence: Exchange variation without ...Bf5} 12. Rc1 {LiveBook: 4 Games} b5 13. b4 Rfc8 $146 {The position is equal.} ({Predecessor:} 13... Ne7 14. Ne5 Nc8 15. a4 Qxb4 16. axb5 Bxb5 17. Nxb5 axb5 18. Rb1 Qe7 19. Bxb5 {½-½ (49) Padeiro,J (2284)-Gomez Garrido,C (2461) Ourense 2009}) 14. Nb1 Rab8 15. Nc3 Be8 16. Qd3 Nd7 {[%cal Bf6d7,Bd7b6,Bb6c4][%mdl 32]} 17. Nd2 Nb6 18. Qb1 (18. e4 $11) 18... Nc4 $15 19. Bxc4 bxc4 20. Qa2 f6 21. Rfd1 Bg6 22. Na4 (22. Nf1 $17) 22... a5 $19 23. bxa5 Nxa5 24. Nc5 Nb7 25. Nxb7 Rxb7 26. a4 c3 {[%cal Bc4c3,Bc3c2][%mdl 32] Strongly threatening ...c2.} 27. Qa1 $2 {[#]} (27. Nb3 Qb4 28. Nc5) 27... c2 {Black is clearly winning.} 28. Re1 Qb4 29. Nf3 Ra8 {Precision: White = 27%, Black = 54%.} 0-1

[Event "Satka Autumn 2017"]
[Site "Satka"]
[Date "2017.09.19"]
[Round "8"]
[White "Kovanova, Baira"]
[Black "Makarenko, Alexandra"]
[Result "1-0"]
[WhiteElo "2368"]
[BlackElo "2251"]
[Annotator "TA"]
[PlyCount "53"]
[EventDate "2017.??.??"]
[EventType "swiss"]
[EventCountry "RUS"]
[SourceTitle "playchess.com"]
[Source "ChessBase"]
[SourceQuality "1"]

{[%evp 19,53,9,34,33,60,67,90,47,50,62,78,0,0,12,12,10,7,23,47,0,106,104,137,82,81,57,65,55,214,160,612,270,29982,29982,2750,1021]} 1. d4 {[%cal Bd2d4,Bd4d5][%mdl 32]} Nf6 2. c4 g6 3. Nc3 c5 4. d5 d6 5. Nf3 Bg7 6. e4 O-O 7. Be2 e6 8. dxe6 Bxe6 9. Bf4 Qb6 10. Qb3 {E91: King's Indian: Classical: 6 Be2, unusual replies including 6...c5 and 6...Bg4} Qc6 {LiveBook: 3 Games} 11. Qc2 Nh5 $146 ({Find the theoretical novelty and annotate with similar games:} 11... Re8 12. O-O-O Qa6 13. Bxd6 Nc6 14. Qb3 Nd4 15. Nxd4 cxd4 16. Rxd4 Nxe4 17. Rxe4 Qxd6 {0-1 (36) Forintos,G (2490)-Velimirovic,D (2515) Zemun 1980}) 12. Be3 {White is slightly better.} Re8 13. O-O Bxc3 14. Qxc3 {Hoping for Nd2.} Qxe4 15. Bd3 (15. Rfe1 $16) 15... Qc6 $1 $11 16. Ng5 Nd7 17. Be4 Qc7 18. Rad1 Rad8 19. Bf3 {[%mdl 1024] Bxh5 is the strong threat. White has compensation.} Ng7 (19... Nhf6 $1 $11) 20. Ne4 $36 {[%mdl 2048] White is really pushing.} Nf5 {[#]} 21. Bg5 (21. Bf4 $142 $1) 21... Nd4 22. Nf6+ Nxf6 23. Bxf6 {And now Rxd4 would win.} h5 $2 {[#]} (23... h6 $14) 24. Bxh5 $1 {[%mdl 512]} Kh7 $2 ({But not} 24... gxh5 $2 25. Qe3 $18) (24... Bf5 $16) 25. Qg3 (25. Rxd4 $142 {Threatening mate with Rh4.} cxd4 26. Qg3) 25... Rh8 $2 {[#]} (25... Nf5 $18 26. Qg5 Bxc4) 26. Bxg6+ $1 {[%mdl 512]} fxg6 27. Qh4+ {Precision: White = 43%, Black = 32%.} 1-0

[Event "Satka Autumn 2017"]
[Site "Satka"]
[Date "2017.09.19"]
[Round "8"]
[White "Semenova, Elena"]
[Black "Chan, Naruna"]
[Result "1-0"]
[WhiteElo "2284"]
[BlackElo "1951"]
[Annotator "TA"]
[PlyCount "43"]
[EventDate "2017.??.??"]
[EventType "swiss"]
[EventCountry "RUS"]
[SourceTitle "playchess.com"]
[Source "ChessBase"]
[SourceQuality "1"]

{[%evp 13,43,55,23,13,43,38,34,38,59,47,203,172,231,238,503,493,584,444,445,441,1153,1020,1650,1666,1678,1677,1643,1659,1599,1508,5899,5786]} 1. e4 d5 2. exd5 Qxd5 3. Nc3 Qd6 4. d4 Nf6 5. g3 (5. Nf3 g6 6. Nb5 Qd8 7. c4 Bg7 8. Bf4 Na6 9. Be2 O-O 10. O-O c6 11. Nc3 Bf5 12. Re1 Ne4 13. Qb3 {1-0 (37) Naiditsch,A (2710)-Rakhmanov,A (2663) Linares 2017}) 5... g6 6. Bf4 {B01: Scandinavian Defence} Qb6 7. Nf3 $146 ({Find the theoretical novelty and annotate with similar games:} 7. Nb5 Na6 8. a4 c6 9. a5 Qd8 10. Nc3 Nc7 11. Bg2 Bg7 12. a6 O-O 13. axb7 Bxb7 {0-1 (59) Polyansky,V (1985)-Malikov,S (1830) Anna 2014}) 7... Bg7 {LiveBook: 5 Games} 8. Ne5 {White has an edge.} c6 9. Qd2 O-O 10. O-O-O a5 11. h4 {[%cal Bh2h4,Bh4h5,Bh5g6,Bg6f7][%mdl 32] And now h5! would win.} h5 $2 {[#]} (11... Nbd7 $1 $14) 12. Bc4 $1 $18 {aiming for Nxg6.} Bf5 {[#]} (12... e6 $142 13. Be2 Nbd7) 13. f3 $1 a4 $2 {[#]} (13... Nbd7 14. Qe2 Rad8) 14. g4 $1 {[%mdl 512] White is clearly winning.} hxg4 15. fxg4 Nxg4 16. h5 Nxe5 (16... Bxe5 $142 17. Bxe5 Nd7) 17. Bxe5 Nd7 18. Bxg7 Kxg7 19. hxg6 Rh8 20. gxf7 {Rdg1+ would kill now.} Bg6 21. Qg5 {Intending Rdg1 and mate.} Qb4 22. Rdg1 {Precision: White = 97%, Black = 16%.} 1-0

[Event "Satka Autumn 2017"]
[Site "Satka"]
[Date "2017.09.19"]
[Round "8"]
[White "Schepetkova, Margarita"]
[Black "Protopopova, Anastasiya"]
[Result "1/2-1/2"]
[WhiteElo "2266"]
[BlackElo "2152"]
[Annotator "TA"]
[PlyCount "202"]
[EventDate "2017.??.??"]
[EventType "swiss"]
[EventCountry "RUS"]
[SourceTitle "playchess.com"]
[Source "ChessBase"]
[SourceQuality "1"]

1. d4 {Program Activation Required} d5 2. c4 c6 3. Nc3 dxc4 4. a4 e5 5. dxe5 Qxd1+ 6. Nxd1 Be6 {D10: Damengambit (Slawische Verteidigung)} (6... Nd7 7. Nf3 Bb4+ 8. Nc3 Nc5 9. Nd4 Ne4 10. Bd2 Nxd2 11. Kxd2 f6 12. exf6 Nxf6 13. f3 a6 14. e4 {1-0 (49) Pascua,H (2386)-Gomez,J (2520) Tagaytay City 2013}) 7. Nf3 Nd7 8. Ng5 $146 ({Vorgänger:} 8. e3 g6 9. Bd2 Bg7 10. Bc3 Ne7 11. Nd4 Nxe5 12. Nxe6 Nd3+ 13. Bxd3 Bxc3+ 14. Nxc3 fxe6 15. Bxc4 {1-0 (15) Kutzner,S (2096)-Becher,H (2168) Koblenz 2006}) 8... Bb4+ 9. Bd2 Bxd2+ 10. Kxd2 Nxe5 11. Nxe6 fxe6 12. Kc3 Nf6 13. f4 Nd5+ 14. Kd4 Ng4 15. e3 O-O-O 16. Ke4 b5 17. Kf3 Ngf6 18. axb5 cxb5 19. Rxa7 Nc7 20. Nc3 Nfd5 21. Ne4 Kb8 22. Ra5 Kb7 23. Be2 Kb6 24. Raa1 e5 25. g3 exf4 26. exf4 Ne6 27. Rhd1 Nb4 28. Rxd8 Rxd8 29. Rd1 Rxd1 30. Bxd1 Nd3 31. b3 Nb2 32. bxc4 Nxd1 33. cxb5 Nd4+ 34. Kg4 Kxb5 35. Nd6+ Kc6 36. Ne8 Ne3+ 37. Kh5 Ne6 38. Nxg7 Nxg7+ 39. Kh6 Ngf5+ 40. Kxh7 Kd6 41. Kg6 Ke6 42. Kg5 Nd4 43. h4 Kf7 44. f5 Nexf5 45. Kf4 Ng7 46. g4 Nde6+ 47. Ke4 Kg8 48. Ke5 Kf7 49. Ke4 Kf6 50. g5+ Kg6 51. h5+ Nxh5 52. Ke5 Neg7 53. Ke4 Kf7 54. Ke5 Ke7 55. g6 Nf6 56. Kf4 Ke6 57. Ke3 Ke5 58. Kd3 Ng4 59. Kc4 Nf2 60. Kc3 Kd5 61. Kb4 Ne4 62. Kb5 Nc3+ 63. Kb4 Kd4 64. Kb3 Nd5 65. Kc2 Ke3 66. Kd1 Nb4 67. Kc1 Kd3 68. Kb2 Nc2 69. Kb3 Ne3 70. Kb2 Kc4 71. Ka3 Nd1 72. Ka2 Kc3 73. Kb1 Kd2 74. Ka2 Kc3 75. Ka1 Nf2 76. Ka2 Nd3 77. Ka1 Nb4 78. Kb1 Nd5 79. Ka2 Nb4+ 80. Ka3 Nd3 81. Ka2 Kc2 82. Ka1 Nc5 83. Ka2 Ne4 84. Ka1 Nd6 85. Ka2 Nb5 86. Ka1 Na3 87. Ka2 Nc4 88. Ka1 Nd2 89. Ka2 Nb3 90. Ka3 Kc3 91. Ka2 Kc2 92. Ka3 Nc1 93. Kb4 Kd3 94. Kc5 Ne2 95. Kb4 Kc2 96. Ka3 Nc3 97. Kb4 Kb2 98. Kc4 Ne4 99. Kd4 Ng3 100. Kd3 N3f5 101. Kd2 Ne6 1/2-1/2

[Event "Satka Autumn 2017"]
[Site "Satka"]
[Date "2017.09.19"]
[Round "8"]
[White "Maletina, Tatiana"]
[Black "Surovtseva, Alisa"]
[Result "1-0"]
[WhiteElo "2241"]
[BlackElo "1623"]
[Annotator "TA"]
[PlyCount "61"]
[EventDate "2017.??.??"]
[EventType "swiss"]
[EventCountry "RUS"]
[SourceTitle "playchess.com"]
[Source "ChessBase"]
[SourceQuality "1"]

{[%evp 16,60,-15,-22,22,21,37,-16,11,0,14,0,29,28,102,81,188,198,226,237,301,139,110,58,85,56,81,0,0,-8,231,113,114,79,674,662,683,667,606,217,281,283,274,270,487,501,29999]} 1. d4 d5 2. Bf4 c5 3. e3 Nc6 4. c3 Nf6 5. Nd2 Bf5 6. Ngf3 {D00: 1 d4 d5: Unusual lines} (6. Qb3 Qd7 7. Ngf3 c4 8. Qd1 e6 9. Nh4 b5 10. Nxf5 exf5 11. g3 Bd6 12. Bxd6 Qxd6 {½-½ (65) Nisipeanu,L (2683)-Bluebaum,M (2642) Dresden 2017}) 6... Qb6 7. Qb3 c4 8. Qxb6 axb6 9. Nh4 {LiveBook: 4 Games} Bg6 10. Nxg6 $146 ({Predecessor:} 10. a3 b5 11. Rc1 e6 12. h3 Be7 13. Nxg6 hxg6 {1-0 (42) Youssoupov,M (2146)-Brest,J (1924) Montlucon 2011}) 10... hxg6 11. e4 ({Better is} 11. a3 $14) 11... e6 12. g3 b5 {[%cal Bb6b5,Bb5b4][%mdl 32]} 13. Bg2 b4 14. O-O O-O-O (14... dxe4 $11 {keeps the balance.} 15. Nxc4 (15. Nxe4 Nd5 $11) 15... Be7) 15. Rfc1 b5 (15... Be7 $16 {keeps fighting.}) 16. a4 $18 bxc3 17. bxc3 b4 18. cxb4 (18. exd5 $18 exd5 19. Nxc4 $1 {[%mdl 512]}) 18... Nxd4 $16 19. Bf1 (19. Kf1 $16) 19... Kb7 ({Don't play} 19... Bxb4 20. Nxc4 $1 {[%mdl 512]} Kd7 21. Ne5+ Ke8 22. Be3 $18) 20. exd5 exd5 21. Nxc4 ({White should play} 21. Be3 $16 Nf5 22. Bg5) 21... dxc4 $11 22. Rxc4 Ne4 $2 {[#]} (22... Nf3+ $11 {and Black stays safe.} 23. Kg2 g5 24. Rc7+ Ka8 25. Kxf3 gxf4) 23. Kg2 (23. Ra3 $1 $18 {is the precise move to win.}) 23... f5 $16 24. Rd1 Ne6 $2 {[%mdl 8192]} (24... g5 $16) 25. Rxd8 $18 Nxd8 26. Rc7+ Kb8 {aiming for ...Ne6.} 27. Rxg7+ $2 (27. Re7+ Ka8 28. Re8) 27... Ka8 28. Rxg6 Bxb4 29. Bc4 Ka7 $2 {[#]} (29... Bc3 {was called for.} 30. g4 Nc5 31. Bd5+ (31. gxf5 Kb7 $16) 31... Ndb7 32. gxf5 Rf8) 30. a5 $1 {[%mdl 512]} Nb7 (30... Nc5 $18 31. Be3 Ka8) (30... Bxa5 31. Ra6+) 31. Ra6# {Precision: White = 40%, Black = 23%.} 1-0

[Event "Satka Autumn 2017"]
[Site "Satka"]
[Date "2017.09.19"]
[Round "8"]
[White "Sazonova, Anastasia"]
[Black "Charochkina, Daria"]
[Result "1-0"]
[WhiteElo "2155"]
[BlackElo "2339"]
[Annotator "TA"]
[PlyCount "75"]
[EventDate "2017.??.??"]
[EventType "swiss"]
[EventCountry "RUS"]
[SourceTitle "playchess.com"]
[Source "ChessBase"]
[SourceQuality "1"]

{[%evp 11,75,64,63,52,102,67,71,67,72,68,70,70,62,55,129,152,146,152,139,131,132,75,103,68,131,125,112,74,96,81,225,226,279,293,310,284,309,298,287,271,254,272,258,236,236,183,209,225,227,233,244,210,3961,3531,2467,1823,29993,29987,29987,29988,29988,29989,29989,29990,29990,29987]} 1. d4 Nf6 2. Nf3 e6 3. c4 c5 4. d5 b5 5. Bg5 h6 6. Bxf6 Qxf6 7. Nc3 {E10: Blumenfeld Gambit} bxc4 (7... b4 8. Nb5 Kd8 9. e4 g5 10. e5 Qg7 11. h3 Bb7 12. Qa4 a5 13. O-O-O h5 14. h4 g4 15. Ng5 exd5 16. cxd5 f6 17. Ne6+ dxe6 18. dxe6+ Kc8 19. Na7+ {1-0 (19) Azmaiparashvili,Z (2626)-Miroshnichenko,E (2696) Kallithea 2009}) 8. e4 Ba6 9. Be2 $146 {[%mdl 1024] White is better. White has strong compensation.} ({Predecessor:} 9. Qa4 exd5 10. Nxd5 Qxb2 11. Rd1 Bd6 12. Bxc4 Bxc4 13. Qxc4 Nc6 14. Ne3 {½-½ (46) Grigoriev,S (2132)-Karasev,V (2367) St Petersburg 2016}) 9... Bd6 10. O-O {e5! is the strong threat.} O-O 11. Re1 {Strongly threatening e5!} e5 12. Qa4 Bb7 (12... Bc7 $14) 13. Nd2 $16 Bc7 14. Nb5 ({Don't do} 14. Qxc4 d6 $14) (14. Bxc4 a6 $16) 14... Qd8 15. Nxc4 d6 16. Rad1 (16. Nxc7 $142 Qxc7 17. b4) 16... Ba6 17. Bg4 Bxb5 (17... Qe8 $14 18. Nca3 Bb6) 18. Qxb5 a5 19. Qa4 g6 20. Bh3 f5 {[#]} (20... Qe8 $16 21. Qxe8 Rxe8) 21. f4 $1 $18 {[%cal Rf4e5][%mdl 512] aiming for fxe5.} exf4 22. exf5 gxf5 23. Re6 {Threatens to win with Bxf5!} Qg5 24. Rf1 (24. Nxd6 f3 $18) 24... Na6 25. Nxd6 Bxd6 26. Rxd6 Nb4 27. a3 Nd3 {intending ...f3.} 28. Qb3 $36 {[%mdl 2048] White is on the roll.} Ne5 29. Re6 Rab8 30. Qc3 Ng4 {[#]} 31. Rxf4 $1 {[%mdl 512]} Nxh2 $2 ({Worse is} 31... Qxf4 32. Rg6+ Kf7 33. Qg7+ Ke8 34. Re6+ Kd8 35. Qe7+ Kc8 36. Rc6+ Qc7 37. Rxc7#) (31... Rb3 32. Rg6+ (32. Qxb3 Qxf4 33. Bxg4 fxg4 $16) 32... Qxg6 33. Qxb3 h5 34. Bxg4 hxg4 35. d6+ Qf7 36. Qxf7+ Rxf7) 32. Rxf5 Rxf5 33. Bxf5 Kf8 34. Qh8+ {White mates.} Kf7 35. Qxb8 Nf3+ 36. Kf2 Qd2+ 37. Kxf3 Qxd5+ 38. Kg3 {Precision: White = 84%, Black = 45%.} 1-0